| 000 | 00452nam a2200181Ia 4500 | ||
|---|---|---|---|
| 008 | 240925s9999 xx 000 0 und d | ||
| 020 | _aNA | ||
| 082 | _a005 KUZ | ||
| 100 | _aKuznets, Simon | ||
| 245 | 0 | _a3 Com Buyers Guide | |
| 250 | _aNA | ||
| 260 |
_aCalifornia: _bAutodesk _cNA |
||
| 300 |
_axxviii,350p. _bNA _fOriginal |
||
| 500 | _aNA | ||
| 600 | _aComputer Science | ||
| 650 | _aComputer science, information & general works | ||
| 942 | _cBK | ||
| 999 |
_c6174 _d6174 |
||